Mladá veda 2008 Bratislava, 28.11.2008

Salvato in:
Dettagli Bibliografici
Enti autori: Mladá veda 2008. Medzinárodná vedecká konferencia, Ekonomická univerzita v Bratislave. Obchodná fakulta
Altri autori: Škorvagová, Simona, Verček, Peter, Lesáková, Dagmar, 1949-
Natura: Libro
Lingua:slovacco
inglese
Pubblicazione: Bratislava [Obchodná fakulta EU] [2008]
Soggetti:
Tags: Aggiungi Tag
Nessun Tag, puoi essere il primo ad aggiungerne!!

MARC

LEADER 00000nam$a2200000$$$4500
001 0100508
005 20240502072112.1
020 |a 978-80-225-2786-6 
041 0 |a slo 
041 0 |a eng 
044 |a SK 
245 1 0 |a Mladá veda 2008  |b Bratislava, 28.11.2008  |c zostavovateľské a grafické práce: Simona Škorvagová, Peter Verček 
264 1 |a Bratislava  |b [Obchodná fakulta EU]  |c [2008] 
300 |a 79 s. 
610 2 0 |a veda ekonomická 
610 2 0 |a globalizácia hospodárstva 
610 2 0 |a ruch cestovný 
610 2 0 |a marketing 
610 2 0 |a manažment 
610 2 0 |a Európska únia 
610 2 0 |a Slovensko 
610 2 0 |a systémy informačné manažérske 
610 2 0 |a komunikácia marketingová 
700 1 |a Škorvagová, Simona 
700 1 |a Verček, Peter 
700 1 |a Lesáková, Dagmar, 1949- 
110 2 |a Mladá veda 2008. Medzinárodná vedecká konferencia 
710 2 |a Ekonomická univerzita v Bratislave. Obchodná fakulta